Normal view
MARC view
Entry Topical Term
001 - CONTROL NUMBER
- control field: 68664
003 - CONTROL NUMBER IDENTIFIER
- control field: OSt
005 - DATE AND TIME OF LATEST TRANSACTION
- control field: 20170816123510.0
008 - FIXED-LENGTH DATA ELEMENTS
- fixed length control field: 170816|| aca||aabn | a|a d
040 ## - CATALOGING SOURCE
- Original cataloging agency: OSt
- Transcribing agency: OSt
150 ## - HEADING--TOPICAL TERM
- Topical term or geographic name entry element: Music
670 ## - SOURCE DATA FOUND
- Source citation: Work cat.: (OSt): Pingle, Bhavanrav A 68663, History of Indian Music , 2007









